Гидрид лития. Физико-химические и теплофизические свойства

গ্রন্থ-পঞ্জীর বিবরন
প্রধান লেখক: Шпильрайн Э. Э. Эвальд Эмильевич
সংস্থা লেখক: Государственная служба стандартных и справочных данных
অন্যান্য লেখক: Якимович К. А. Константин Аркадьевич
ভাষা:রুশ
প্রকাশিত: Москва, Изд-во стандартов, 1972
মালা:Монография
বিষয়গুলি:
বিন্যাস: MixedMaterials গ্রন্থ
KOHA link:https://koha.lib.tpu.ru/cgi-bin/koha/opac-detail.pl?biblionumber=181014

MARC

LEADER 00000nam0a2200000 4500
001 181014
005 20231101223606.0
035 |a (RuTPU)RU\TPU\book\196227 
090 |a 181014 
100 |a 20100601d1972 k y0rusy50 ca 
101 0 |a rus 
102 |a RU 
105 |a a z 001zy 
200 1 |a Гидрид лития. Физико-химические и теплофизические свойства  |f Э. Э. Шпильрайн, К. А. Якимович  |g Государственная служба стандартных и справочных данных 
210 |a Москва  |c Изд-во стандартов  |d 1972 
215 |a 107 с.  |c ил. 
225 1 |a Монография  |h №10 
320 |a Библиогр: с. 103-106. 
606 1 |a Литий, гидриды  |x Химия  |2 stltpush  |3 (RuTPU)RU\TPU\subj\75084  |9 86965 
610 1 |a гидрит лития 
610 1 |a физико-химические свойства 
610 1 |a теплофизические свойства 
610 1 |a исследование 
610 1 |a обработка данных 
610 1 |a расчет 
610 1 |a таблицы 
675 |a 546.34  |v 3 
700 1 |a Шпильрайн  |b Э. Э.  |g Эвальд Эмильевич 
701 1 |a Якимович  |b К. А.  |g Константин Аркадьевич 
712 0 2 |a Государственная служба стандартных и справочных данных  |2 stltpush  |3 (RuTPU)RU\TPU\col\12485  |9 25429 
801 1 |a RU  |b 63413507  |c 20100601 
801 2 |a RU  |b 63413507  |c 20160216  |g RCR 
942 |c BK